Application of Bayesian inference in forensic statistics /
Guardado en:
| Autor Principal: | |
|---|---|
| Formato: | Libro |
| Idioma: | English |
| Publicado: |
Åbo :
Åbo Akademi,
2011.
|
| Etiquetas: |
Agregar Etiqueta
Sin Etiquetas, Sea el primero en etiquetar este registro!
|
| LEADER | 00695nam a22001935a 4500 | ||
|---|---|---|---|
| 001 | MAT.inmabb006597 | ||
| 008 | 120803s2011####fi#a#####b####000#0#eng#d | ||
| 005 | 20170712140151.0 | ||
| 245 | 1 | 0 | |a Application of Bayesian inference in forensic statistics / |c Rossana Moroni. |
| 260 | |a Åbo : |b Åbo Akademi, |c 2011. | ||
| 300 | |a 16, [56] p. : |b il. ; |c 25 cm. | ||
| 500 | |a Contiene cuatro artículos de investigación publicados previamente. | ||
| 502 | |a Tesis--Åbo Akademi, 2011. | ||
| 504 | |a Incluye referencias bibliográficas. | ||
| 020 | |a 9789521225888 | ||
| 100 | 1 | |a Moroni, Rossana. | |
| 084 | |a 62-02 (62-09 62C10 62P10 62P99) |2 msc2000 | ||
| 041 | 0 | |a eng |b swe | |
| 859 | |h 62 |i M868 |p A-8732 |b BIB. MATEMATICA | ||
